00787nas a2200229Ia 4500001001600000003001000016008004100026040002500067041001300092100002100105210002800126222002800154245005000182250001100232260000900243501012300252300001300375362003100388500008200419650004500501700001100546A09/R108-35050 IT-MiCISF161014c99999999xx |||||||||||| ||und|| aIT-MiCISFcIT-MiCISF aITALIANO aMercuri Rosella  aIl consulente familiare aIl consulente familiare 0aEmozioni e sentimenti. 2° giornata di studio a1a ed. c2002 bCISF - Centro Internazionale Studi Famiglia - Via Giotto, 36 20145 MILANO (non commercial uses only)cCopyright 2016 app. 3-31 an. 1, gennaio-marzo [2002] aRossi R., Priore V., Montorsi A. Tema: consulenza, famiglia, genitorialità€ aFAMIGLIA - consulenza familiarevdossier aAA.VV.